| 000 | 00377nam a22001337a 4500 | ||
|---|---|---|---|
| 082 |
_a515.024624 _bLIE _cL-3 , P-27 |
||
| 100 |
_aWEN - HSIUNG LI., _939215 |
||
| 245 |
_aEngineering analysis/ _bWEN - HSIUNG LI., |
||
| 260 |
_aAmerica: _bPRENTICE-HALL, _cC1960. |
||
| 300 | _aviii, 362 p. : | ||
| 526 |
_a0 _b0 _c0 _d515_024624000000000_LIE |
||
| 650 |
_aMCE _9379 |
||
| 942 |
_2ddc _cBK |
||
| 999 |
_c543735 _d543735 |
||